<?xml version="1.0" encoding="UTF-8"?>
<marc:record xmlns:marc="http://www.loc.gov/MARC21/slim">
   <marc:leader>00000nam a2200000 a 4500</marc:leader>
   <marc:datafield ind1="1" ind2=" " tag="100">
      <marc:subfield code="a">Wüstendörfer, Lena-Lisa</marc:subfield>
      <marc:subfield code="4">edt</marc:subfield>
      <marc:subfield code="e">Bearbeiter/-in</marc:subfield>
   </marc:datafield>
   <marc:datafield ind1=" " ind2=" " tag="653">
      <marc:subfield code="a">Mahler</marc:subfield>
   </marc:datafield>
   <marc:datafield ind1=" " ind2=" " tag="653">
      <marc:subfield code="a">Gustav</marc:subfield>
   </marc:datafield>
   <marc:datafield ind1=" " ind2=" " tag="653">
      <marc:subfield code="a">Interpretation</marc:subfield>
   </marc:datafield>
   <marc:datafield ind1=" " ind2=" " tag="653">
      <marc:subfield code="a">Musik</marc:subfield>
   </marc:datafield>
   <marc:datafield ind1=" " ind2=" " tag="653">
      <marc:subfield code="a">Softcover / Sachbücher/Musik</marc:subfield>
   </marc:datafield>
   <marc:datafield ind1=" " ind2=" " tag="653">
      <marc:subfield code="a">Film</marc:subfield>
   </marc:datafield>
   <marc:datafield ind1=" " ind2=" " tag="653">
      <marc:subfield code="a">Theater/Musik/Allgemeines</marc:subfield>
   </marc:datafield>
   <marc:datafield ind1=" " ind2=" " tag="653">
      <marc:subfield code="a">Nachschlagewerke</marc:subfield>
   </marc:datafield>
   <marc:datafield ind1=" " ind2=" " tag="653">
      <marc:subfield code="a">Konferenzschrift</marc:subfield>
   </marc:datafield>
   <marc:datafield ind1="0" ind2="0" tag="245">
      <marc:subfield code="a">Mahler-Interpretation heute</marc:subfield>
   </marc:datafield>
   <marc:datafield ind1="0" ind2="0" tag="245">
      <marc:subfield code="b">Perspektiven der Rezeption zu Beginn des 21. Jahrhunderts</marc:subfield>
   </marc:datafield>
   <marc:datafield ind1="0" ind2="0" tag="245">
      <marc:subfield code="c">herausgegeben von Lena-Lisa Wüstendörfer</marc:subfield>
   </marc:datafield>
   <marc:datafield ind1=" " ind2="1" tag="264">
      <marc:subfield code="a">München</marc:subfield>
      <marc:subfield code="b">et+k edition text + kritik</marc:subfield>
   </marc:datafield>
   <marc:datafield ind1=" " ind2=" " tag="250">
      <marc:subfield code="a">1. Aufl.</marc:subfield>
   </marc:datafield>
   <marc:datafield ind1="1" ind2=" " tag="520">
      <marc:subfield code="a">Angaben aus der Verlagsmeldung

Mahler-Interpretation heute : Perspektiven der Rezeption zu Beginn des 21. Jahrhunderts / von Lena-Lisa Wüstendörfer

Mahler ist en vogue. Ausgehend von den beiden Mahler-Gedenkjahren 2010 und 2011 reflektiert der Band die gegenwärtig beispiellos intensive Rezeption und Interpretation der Musik Gustav Mahlers und sucht nach Gründen, weshalb der Komponist gerade heute so aktuell ist.
Zu Lebzeiten stand Mahler als international gefeierter Dirigent und als Direktor der Wiener Hofoper unzweifelhaft im Zentrum des Kulturlebens. Sein kompositorisches Werk hingegen war in zeitgenössischen Fachkreisen durchaus umstritten und fristete noch Jahrzehnte nach seinem Tod ein Schattendasein. Ganz anders die heutige Rezeption: Der einstige Ruhm des Dirigenten ist mangels Tondokumenten verblasst – der Komponist Mahler jedoch begehrter denn je. So waren die beiden Jubiläumsjahre 2010 und 2011 von einer intensiven Beschäftigung mit Mahlers Leben und Werk geprägt: Unzählige Konzertaufführungen, Neueinspielungen, internationale Festivals, Ausstellungen, Symposien und Publikationen zeugen von Mahlers Popularität. Der Band nimmt diese Auseinandersetzung mit Mahlers Musik als Grundlage für eine Standortbestimmung der aktuellen Mahler-Interpretation. Zu Wort kommen Experten aus der Musikwissenschaft sowie renommierte Interpreten, die das heutige Mahler-Verständnis greifbar
werden lassen.
Mit Beiträgen von Sylvia Caduff, Jens Malte Fischer, Peter Hagmann, Hartmut Hein, Reinhold Kubik, Silvan Moosmüller, Sir Roger Norrington, Sigfried Schibli, Wolfgang Schreiber, Bernd Sponheuer und Lena-Lisa Wüstendörfer.
</marc:subfield>
   </marc:datafield>
   <marc:datafield ind1=" " ind2=" " tag="020">
      <marc:subfield code="a">9783869163925</marc:subfield>
      <marc:subfield code="9">9783869163925</marc:subfield>
   </marc:datafield>
   <marc:datafield ind1=" " ind2=" " tag="020">
      <marc:subfield code="a">3869163925</marc:subfield>
      <marc:subfield code="9">3869163925</marc:subfield>
   </marc:datafield>
   <marc:datafield ind1=" " ind2=" " tag="041">
      <marc:subfield code="a">ger</marc:subfield>
   </marc:datafield>
   <marc:datafield ind1=" " ind2=" " tag="300">
      <marc:subfield code="a">192 Seiten</marc:subfield>
   </marc:datafield>
</marc:record>
